000 00613nam a22001817a 4500
005 20251108172348.0
008 250721s1987 xx 000 0 ara d
082 1 4 _a301.35209562/لور
100 1 _aالراعي، لوريس
245 1 0 _aالتغير الإجتماعي الإقتصادي في مجتمع بدوي :
_bدراسة ميدانية لمنطقة وادي خالد في لبنان /
264 1 _aطرابلس ( لبنان ) :
_bجروس برس،
_c1987.
300 _a168ص
650 1 7 _aالبدو
650 1 7 _aلبنان
650 1 7 _aالمجتمع
942 _2ddc
_cBK
999 _c77268
_d77268